000 00998nam0a2200289 4500
001 RU\NLR\BIBL_A\012647181
005 20250624101928.0
010 _91000
035 _a(NLR Aleph) 012647181
090 _a13306105
_c13306105
100 _a20211119d1965 |||y0rusy50 ca
101 0 _akir
102 _aKG
105 _ay z 000yy
181 0 _ai
_baxxe
182 0 _an
200 1 _aХимиялык маселелерди чигаруунун жолдору
_eмугалимдер үчүн методикалык кѳрсѳтмѳ
_fИ. И. Штремплер
203 _aТекст
_bвизуальный
_cнепосредственный
210 _aФрунзе
_cМектеп
_d1965
215 _a63,[1] c.
_d20
541 1 _aСпособы решения химических задач
_zrus
686 1 _aЧ426.57
700 1 _aШтремплер
_bИ. И.
_gИван Иванович
_4070
852 _aNLR
_bОНЛ
_jКирг./2-4219
942 _cBOOK
980 _aNB